Southville International School and Colleges
Your cart is empty.
  • Cart
  • Lists
    Public lists Eva Luna New books Lux_list list_1
    Your lists Log in to create your own lists
  • Log in to your account
  • Your cookies
  • Search history
Southville International School and Colleges
  • Advanced search
  • Recent comments
  • Most popular
  • Libraries

Log in to your account

Log in with GOOGLE


If you do not have an external account, but do have a local account, you can still log in:

  1. Home
  2. MARC view: Ethics of health care :
Normal view MARC view ISBD view

Ethics of health care : (Record no. 284011)

[ view plain ]
MARC details
000 -LEADER
fixed length control field 00752nam a22002537a 4500
003 - CONTROL NUMBER IDENTIFIER
control field OSt
005 - DATE AND TIME OF LATEST TRANSACTION
control field 20150518151652.0
008 - FIXED-LENGTH DATA ELEMENTS--GENERAL INFORMATION
fixed length control field 130803t xxu||||| |||| 00| 0 eng d
020 ## - INTERNATIONAL STANDARD BOOK NUMBER
International Standard Book Number 9812657304
050 ## - LIBRARY OF CONGRESS CALL NUMBER
Classification number R 724
Item number .Ed23 2006
100 ## - MAIN ENTRY--PERSONAL NAME
Personal name Edge, Raymond S.
245 ## - TITLE STATEMENT
Title Ethics of health care :
Remainder of title a guide for clinical practice /
Statement of responsibility, etc Raymond S. Edge; John Randall Groves.
250 ## - EDITION STATEMENT
Edition statement 3rd ed.
260 ## - PUBLICATION, DISTRIBUTION, ETC. (IMPRINT)
Place of publication, distribution, etc Singapore :
Name of publisher, distributor, etc Thomson Delamar Learning,
Date of publication, distribution, etc 2006.
300 ## - PHYSICAL DESCRIPTION
Extent xvii, 398 pages :
Other physical details illustrations ;
Dimensions 23 cm.
500 ## - GENERAL NOTE
General note Includes glossary and index.
521 ## - TARGET AUDIENCE NOTE
Target audience note Nursing
562 ## - COPY AND VERSION IDENTIFICATION NOTE
Number of copies 1
650 ## - SUBJECT ADDED ENTRY--TOPICAL TERM
Topical term or geographic name as entry element Heath care
General subdivision Ethics.
650 ## - SUBJECT ADDED ENTRY--TOPICAL TERM
Topical term or geographic name as entry element Health care.
700 ## - ADDED ENTRY--PERSONAL NAME
Personal name Groves, John Randall.
942 ## - ADDED ENTRY ELEMENTS (KOHA)
Source of classification or shelving scheme Library of Congress Classification
Koha item type Books
Call number prefix Foreign
Holdings
Withdrawn status Lost status Source of classification or shelving scheme Damaged status Home library Current library Shelving location Date acquired Source of acquisition Sub Shelving location Total Checkouts Full call number Barcode Date last seen Price effective from Koha item type
    Library of Congress Classification   College Library College Library General Circulation Section 05/18/2015 Library Fund     R 724 .Ed23 2006 C19315 05/15/2018 05/18/2015 Books

Ethics of health care :

APA

Edge R. S., Groves J. R., . (2006). Ethics of health care. Singapore: Thomson Delamar Learning.

Chicago

Edge Raymond S, Groves John Randall, . 2006. Ethics of health care. Singapore: Thomson Delamar Learning.

Harvard

Edge R. S., Groves J. R., . (2006). Ethics of health care. Singapore: Thomson Delamar Learning.

MLA

Edge Raymond S, Groves John Randall, . Ethics of health care. Singapore: Thomson Delamar Learning. 2006.

  • Place hold
  • Print
  • Cite
  • Add to your cart (remove)
  • Save record
    BIBTEX Dublin Core MARCXML MARC (non-Unicode/MARC-8) MARC (Unicode/UTF-8) MARC (Unicode/UTF-8, Standard) MODS (XML) RIS
  • More searches
    Search for this title in:
    Other Libraries (WorldCat) Other Databases (Google Scholar) Online Stores (Bookfinder.com) Open Library (openlibrary.org)

Exporting to Dublin Core...

SOUTHVILLE LIBRARY

Southville International School and Colleges Library

1281 Tropical Ave. Cor. Luxembourg St., BF Homes International, Las Pinas City

Tel. No. 8256374 / 252358 Loc. 117/146

Powered by Koha